00669 a2200205 4500001000700000040002200007041001600029082002500045100002200070245002700092250000900119260003300128300000800161362001300169500004200182697011000224942000700334952010300341999001900444141333 cLeonardo Da Vinci aPortuguês a299.792 C341ebC341e aCASTANEDA, Carlos aUma estranha realidade a3.ed bRecordc1971aRio de Janeiro a243 a19710000 aLuzia Machado da Costa (Tradução) aReligiãoaMitologiaaDon JuanaIndio YaquiaAlucinógenosaExperiência religiosaaSabedoria oriental cBK 00104070a71.1b71.1d2024-03-27l0o299.792 C341epO005236r2024-03-27 22:46:03w2024-03-27yBK c141333d141333